000 nam a22 a 4500
999 _c4309
_d4309
003 AKMAL
005 20170526162623.0
008 110404t1995 cc e 001 0 eng d
020 _a0717297438 (hbk.)
040 _aAKMAL
082 0 4 _a658.3 WYA
_222
090 0 0 _a658.3
_bWYA
100 1 _aWyatt, Wendy
_98396
245 1 0 _aHow to employ & manage staff :
_ba practical handbook for managers and supervisors /
_c[ Wendy Wyatt]
246 3 _aHow to employ and manage staff
260 _aHong Kong :
_bGrolier Intl.Inc.,
_cc1995
300 _a176p. ;
_c24cm.
490 1 _aGrolier business library
504 _aIncludes bibliographical references and index
650 1 0 _aPersonnel management
_9602
830 0 _aGrolier business library
_98353
942 _2ddc
_cBOOK
950 _lAKMAL